| Tag |
First Indicator |
Second Indicator |
Subfields |
| LEADER |
00000cam a2200000 i 4500 |
| 001 |
in00005778632 |
| 005 |
20260416183406.8 |
| 008 |
220415t20222022inu e 000 0 eng d |
| 010 |
|
|
|a 2021953270
|
| 040 |
|
|
|a YDX
|e rda
|c YDX
|d ANK
|d UAU
|d TXA
|
| 020 |
|
|
|a 9781681927329
|
| 020 |
|
|
|a 1681927322
|
| 020 |
|
|
|z 9781681927336
|q (ebook)
|
| 035 |
|
|
|a (OCoLC)1311085229
|
| 082 |
0 |
|
|a 248.482
|
| 090 |
|
|
|a BV4647.P8
|b P56 2022
|
| 100 |
1 |
|
|a Pine, Gregory,
|e author.
|
| 245 |
1 |
0 |
|a Prudence :
|b choose confidently, live boldly /
|c Fr. Gregory Pine, O.P.
|
| 264 |
|
1 |
|a Huntington, Indiana :
|b Our Sunday Visitor,
|c [2022].
|
| 264 |
|
4 |
|c ©2022.
|
| 300 |
|
|
|a 167 pages ;
|c 20 cm.
|
| 336 |
|
|
|a text
|b txt
|2 rdacontent
|
| 337 |
|
|
|a unmediated
|b n
|2 rdamedia
|
| 338 |
|
|
|a volume
|b nc
|2 rdacarrier
|
| 505 |
0 |
|
|a 1. Am I happy? -- 2. Am I able? -- 3. Am I virtuous? -- 4. Am I prudent? -- 5. Am I whole? -- 6. Am I bold? -- 7. Am I certain? -- 8 -- Am I confident?
|
| 520 |
|
|
|a Decisions, decisions. Life presents us with so many, big and small. How can we confidently make choices that bring us true happiness? The life of the virtues holds the key, and among those virtues, prudence holds the reins. Fr. Gregory Pine, OP, aims to work prudence back into the conversation and to explain how it can transform us along our path toward what really matters. In the face of fleeting emotions and conflicting convictions, learn how prudence will help you find wholeness, happiness and freedom.
|
| 650 |
|
0 |
|a Prudence.
|
| 650 |
|
0 |
|a Christian life
|x Catholic authors.
|
| 948 |
|
|
|h NO HOLDINGS IN TXA - 30 OTHER HOLDINGS
|
| 994 |
|
|
|a Z0
|b TXA
|
| 999 |
f |
f |
|i ae3b1f0a-576f-457a-beab-f84652f3d36d
|s 6ac6547a-2d63-410f-9d14-27951247eba9
|t 0
|
| 952 |
f |
f |
|p normal
|a Texas A&M University
|b College Station
|c Sterling C. Evans Library
|s Evans stk
|d Evans: Library Stacks
|t 0
|e BV4647.P8 P46 2022
|h Library of Congress classification
|i unmediated -- volume
|m A14852408344
|
| 998 |
f |
f |
|a BV4647.P8 P46 2022
|t 0
|l Evans: Library Stacks
|